<The> Impact of Foreign Direct Investment on the Development of Employment in the Slovak Republic
Priame zahraničné investície a ich vplyv na zamestnanosť v SR. Efekty a riziká investičných stimulov.
Enregistré dans:
| Auteur principal: | |
|---|---|
| Autres auteurs: | |
| Format: | Chapitre de livre |
| Langue: | anglais |
| Sujets: | |
| Tags: |
Pas de tags, Soyez le premier à ajouter un tag!
|
MARC
| LEADER | 00000naa$a2200000$$$4500 | ||
|---|---|---|---|
| 001 | 0178940 | ||
| 005 | 20240502083421.7 | ||
| 041 | 0 | |a eng | |
| 044 | |a PL | ||
| 245 | 1 | 0 | |a <The> Impact of Foreign Direct Investment on the Development of Employment in the Slovak Republic |c Veronika Piovarčiová, Marta Martincová |
| 520 | |a Priame zahraničné investície a ich vplyv na zamestnanosť v SR. Efekty a riziká investičných stimulov. | ||
| 610 | 2 | 0 | |a investície priame zahraničné |
| 610 | 2 | 0 | |a stimuly |
| 610 | 2 | 0 | |a zamestnanosť |
| 610 | 2 | 0 | |a nezamestnanosť |
| 610 | 2 | 0 | |a Slovensko |
| 100 | 1 | |a Piovarčiová, Veronika, 1951- | |
| 700 | 1 | |a Martincová, Marta, 1955- | |